000 00435nam a2200181Ia 4500
001 4715
005 20260306145816.0
008 260306t2005||||xx |||||||||||||| ||spa||
041 _aESP
082 _a330.01
_bM63
100 _aMirabella, Miguel Angel
_eAUT
245 0 _aFundamentos de filosofía económica
260 _c2005
300 _a184 páginas :
_c21 cm.
650 _aGEN
654 _aCAN
942 _cLIB
_dJUS
_fJUS
_2ddc
_n
999 _c4715
_d4715